Конфуцианское учение и маоизм: из истории социально-политической теории и практики Китая в XX веке

Podrobná bibliografie
Hlavní autor: Мартынов Д. Е. Дмитрий Евгеньевич
Shrnutí:В монографии рассматривается проблема соотношения традиционного и современного общества на материале «отношений» конфуцианства и неоконфуцианства с маоистской идеологией в Китае в XX веке.
Jazyk:ruština
Vydáno: Казань, Изд-во Казанского ун-та, 2006
Témata:
Médium: MixedMaterials Kniha
KOHA link:https://koha.lib.tpu.ru/cgi-bin/koha/opac-detail.pl?biblionumber=160917

MARC

LEADER 00000nam0a2200000 4500
001 160917
005 20231101222223.0
010 |a 5746413836 
035 |a (RuTPU)RU\TPU\book\174511 
090 |a 160917 
100 |a 20090601d2006 km y0rusy50 ca 
101 0 |a rus 
102 |a RU 
105 |a y z 001zy 
200 1 |a Конфуцианское учение и маоизм: из истории социально-политической теории и практики Китая в XX веке  |f Д. Е. Мартынов 
210 |a Казань  |c Изд-во Казанского ун-та  |d 2006 
215 |a 368 с.  |c ил. 
320 |a Библиогр.: с. 319-363. 
330 |a В монографии рассматривается проблема соотношения традиционного и современного общества на материале «отношений» конфуцианства и неоконфуцианства с маоистской идеологией в Китае в XX веке. 
606 1 |a Маоизм  |x Внутренняя политика  |2 stltpush  |3 (RuTPU)RU\TPU\subj\41000  |9 60824 
606 1 |a Конфуцианство  |2 stltpush  |3 (RuTPU)RU\TPU\subj\15628  |9 41859 
610 1 |a политика 
610 1 |a внутренняя политика 
610 1 |a Азия 
610 1 |a Китай 
610 1 |a философия 
610 1 |a геополитика 
610 1 |a история 
610 1 |a 20 век 
610 1 |a государство 
610 1 |a этика 
610 1 |a утопия 
610 1 |a легизм 
610 1 |a даосизм 
686 |a Ф3(5Кит)  |v LBC/SL-A  |2 rubbk 
686 |a Ю3(5Кит)3  |v LBC/SL-A  |2 rubbk 
700 1 |a Мартынов  |b Д. Е.  |g Дмитрий Евгеньевич 
801 1 |a RU  |b 63413507  |c 20090601  |g PSBO 
801 2 |a RU  |b 63413507  |c 20140203  |g PSBO 
900 |a Социально-политическая система Азиатско-Тихоокеанского региона 
942 |c BK